00442cam a2200181ua 45000010005000000080039000050200015000440400009000590410008000680820008000761000025000842450037001092500009001462600031001553000010001866530042001966530022002388079150108n ii |||gr||||Z||||||hin a8185830878 cMAIN ahin a005 aBansal, R.,eAuthor.1 aBasic programmingcBy Ram Bansal a1st. aDelhi:bSatsahitya,c1998. a156p. aComputer programming, programs & data aBasic programming